000 00734nam a2200217Ia 4500
003 OSt
005 20220923221241.0
006 a|||||r|||| 00| 0
007 ta
008 220922b |||||||| |||| 00| 0 hin d
024 _a195,952
037 _cTextual
040 _aARTS
_cARTS
_bhin
041 _2hin
_ahin
082 _aP15, 152K8
100 _aब्रह्मदत्त जिज्ञासु
245 0 _aसंस्कृत पठनपाठन की अनुभूत सरलतम विधि
246 _aSanskṛut paṭhanapāṭhan kī anubhūt saralatam vidhi
942 _hP15, 152K8
_cTEXL
_2CC
999 _c348043
_d348043